01132nas a2200289Ia 4500001002800000003001000028008004100038040002500079041001200104100001800116210002200134222002200156240007700178245007700255250001100332260000900343501012300352300001600475362003100491500003900522650002300561700001100584942000700595957000600602999003300608952020100641A07/R086-14802 [r000013076]IT-MiCISF161014c99999999xx |||||||||||| ||und|| aIT-MiCISFcIT-MiCISF aINGLESE aSutton Agneta aMedicina e morale aMedicina e morale aTen Years After the Warnock Report: Is the Human Neo-Conceptus a Person? 0aTen Years After the Warnock Report: Is the Human Neo-Conceptus a Person? a1a ed. c1994 bCISF - Centro Internazionale Studi Famiglia - Via Giotto, 36 20145 MILANO (non commercial uses only)cCopyright 2016 app. 479-490 an. 3, maggio-giugno [1994] a Tema: bioetica, persona, embrione aBIOETICAvarticolo aAA.VV. cCR 71 a14802bSig1c237621d237621 0010406A_07_000000000000000_R08614802_R00001307671aCISFbCISFd2016-10-14l0oA07/R086-14802 [r000013076]r2016-10-14 00:00:00w2016-10-14yCRzData import 15.10.2016 / by Epidotti, Vaglietti